Statistics for German foods and drinks

Click here to take the quiz!

General Stats

  • This quiz has been taken 116 times
  • The average score is 6 of 20

Answer Stats

Hintfood% Correct
Sausage bathed in curry ketchupCurrywurst
78%
Fermented cabbageSauerkraut
77%
Orange soda from Coco-ColaFanta
70%
Roasted sausageBratwurst
57%
Cake made with cherries, chocolate sponge cake and whipped creamBlack Forest cake
54%
Sausage that is whiteWeißwurst
40%
Beer mixed with lemonadeRadler
34%
Cola mixed with orange sodaSpezi
34%
Type of gingerbreadLebkuchen
33%
A rye bread, that takes a long time to go badPumpernickel
32%
Potates cut up and friedBratkartoffeln
25%
Spinach and minced meat wrapped in pasta doughMaultaschen
19%
Pickles and onions wrapped in a thin slice of meatRouladen
19%
Soup traditionally served after a wedding ceremonyHochzeitssuppe
17%
Type of German pot roastSauerbraten
14%
Beer originally brewed to be consumed during times of fastingBock
10%
Really dry sweetened toastZwieback
9%
Loaf of meat that tastes similar to bolognaFleischkase
8%
Salted and smoked slice of hamKassler
8%
A sweet roll with jam inside, often served vanilla custardDampfnudel
3%

Score Distribution

Percentile by Number Answered

Percent of People with Each Score

Your Score History

You have not taken this quiz